00542cam a2200121I 4500082001700000100004200017245015900059260003500218300005000253500007200303526003700375650000800412 a923.154bRON1 aZetland, Lawrence John Lumley Dundas,14aThe life of Lord Curzon,bbeing the authorized biography of George Nathaniel, marquess Curzon of Kedleston, K.G.,cby the Rt. Hon. the Earl of Ronaldshay. aLondon,bE. Benn, ltd.,c1928. a3 v.bfronts. (1 col.) plates, ports.c25 cm. aVol. 1: "First published March 1928. Second impression March 1928." a0b0c0d923_154000000000000_RON aMCE